000 00399nam a2200121Ia 4500
008 160712s9999 xx 000 0 und d
100 _aTantuico, Kathleen.
245 _cKathleen Tantuico
_aHistoric Bridges: Evaluation, Preservation and Management
260 _c2011
_bHukay
300 _avol. 16
650 _xARCHAEOLOGY
856 _uhttp://journals.upd.edu.ph/index.php/asp/issue/view/423/showToc
999 _c297528
_d297528